Word Ladder: En el Fuego Quiz Stats

Quiz Updated Nov 28, 2015

Challenge
Share
Tweet
Embed
Score 0/67 Timer 06:00
1 Play Today
Hint 4-Letter Word % Correct
☀ Water craft ☀BOAT
96.1%
Musical pulseBEAT
96%
Chair or benchSEAT
95.8%
Male pigBOAR
95.6%
SlenderSLIM
95.1%
Hair untanglerCOMB
94.8%
☀ Explosive device ☀BOMB
94.8%
Impoverished neighborhoodSLUM
94.4%
☀ Timber product ☀WOOD
94.4%
Hospital sectionWARD
94.3%
Sentence componentWORD
94.2%
Explosion soundBOOM
93.9%
☀ Spherical toy ☀BALL
93.6%
☀ Untamed ☀WILD
93.2%
Stop!HALT
93%
Prune starterPLUM
92.9%
☀ Room divider ☀WALL
92.8%
☀ Labor ☀WORK
92.7%
☀ Stop a leak ☀PLUG
92.5%
Narrow openingSLIT
92.4%
Narrow passagewayHALL
92.4%
☀ Reduced price event ☀SALE
92.3%
Fermented grape juice WINE
91%
Terrible fateDOOM
90.9%
ArrivedCAME
90.8%
To go upRISE
90.4%
Written note of feesBILL
90.2%
SustenanceFOOD
90%
Shell-less gastropodSLUG
90%
Dolt, idiotBOOB
89.8%
☀ Flexible water tube ☀HOSE
89.8%
☀ Portal ☀DOOR
89.6%
Receive dinner guestsHOST
89.4%
Fragrant bloomROSE
89.1%
Hint 4-Letter Word % Correct
Uncouth personBOOR
88.9%
PoetBARD
88.8%
Wood stripSLAT
88.7%
VolitionWILL
88.2%
Corduroy ridgeWALE
88%
Sage and learnedWISE
88%
☀ Certain ☀SURE
87.3%
☀ Electrical conductor ☀WIRE
86.3%
☀ Avian vertebrate ☀BIRD
86.2%
Devious strategyWILE
86%
☀ Rear portion ☀BACK
85.9%
Otter denHOLT
85.7%
Smelting wasteSLAG
85.7%
River crossingFORD
85.1%
FoundationBASE
85%
Soak up sunBASK
84.9%
☀ Point connector ☀LINE
84.7%
Military postFORT
84.6%
Legal actionCASE
83.8%
Male parentSIRE
83%
Medicinal herbWORT
82.6%
Free of charge (abbrev.)COMP
80.8%
☀ Bivouac in a tent ☀CAMP
80.7%
Tempt by rewardLURE
78.6%
Cover with gold-platingGILD
78.1%
Swedish Chef utteranceBORK!
78.1%
Marquis de ____SADE
78%
☀ Flank ☀SIDE
77.5%
Crescent figureLUNE
77%
Dark lagerBOCK
76.4%
☀ Expectorate ☀SPIT
75.2%
Secure with beltGIRD
75%
☀☀ COMMON BOND ☀☀FIRE
54.3%

Today's Daily Dose

You're not logged in!

Compare scores with friends on all Sporcle quizzes.
Sign Up with Email
OR
Log In

You Might Also Like...

Show Comments

Extras

Top Quizzes Today


Score Distribution

Your Account Isn't Verified!

In order to create a playlist on Sporcle, you need to verify the email address you used during registration. Go to your Sporcle Settings to finish the process.